Geographical Features from 'P' - Statistics

General Stats
  • This quiz has been taken 42 times
  • The average score is 3 of 16
Answer Stats
Picture Hint Answer % Correct
Country Panama
85%
Gulf Persian
85%
Italian City Palermo
63%
Desert Patagonia
43%
Volcano Pinatubo
18%
National Park Petrified Forest
13%
Island Phillip
10%
Peninsula Peloponnese
8%
River Padma
5%
Cave Postojna
5%
Waterfall Palouse
3%
Mountain Parnis
3%
Plateau Piedmont
3%
Lake Paijanne
0%
Valley Panjshir
0%
Geyser Pohutu
0%
No matching quizzes found
Score Distribution
Percent of People with Each Score
Percentile by Number Answered
Your Score History
You have not taken this quiz